Footy Tenaball #4 - Statistics

General Stats
  • This quiz has been taken 408 times
  • The average score is 5 of 10
Answer Stats
Hint Answer % Correct
#5 River Plate
90%
#3 Flamengo
82%
#4 Palmeiras
66%
#1 Botafogo
60%
#2 Fluminense
55%
#10 Corinthians
48%
#9 Atletico Mineiro
34%
#6 Gremio
34%
#7 Atletico Nacional
25%
#8 San Lorenzo
19%
No matching quizzes found
Score Distribution
Percent of People with Each Score
Percentile by Number Answered
Your Score History
You have not taken this quiz